01216nam a22002177a 4500003000400000005001700004008004100021020001800062040001400080041000800094082001300102100002900115245007600144264004800220300003900268521059600307650001800903650002200921650002300943700003200966OSt20250127145833.0250127b ||||| |||| 00| 0 spa d a9788420674179 cCO-Mq BPB aspa aANbGOLw aGolding, Williammeautor aEl señor de las moscascWilliam Golding; traducción: Carme Vergara. aMadrid, España:bAlianza Editorial;c2010 a286 páginas,bTapa blandac18 cm aUrdida en torno a la situación límite de una treintena de muchachos en una isla desierta, El Señor de las Moscas es una magnífica novela que admite lecturas diferentes e incluso opuestas. En efecto, si algunos pueden ver en esta indagación de William Golding en la condición humana la ilustración de que la agresividad criminal se halla entre los instintos básicos del hombre, otros podrán considerarla como una parábola que cuestiona un tipo de educación represiva que no hace sino incubar explosiones de barbarie prestas a estallar en cuanto los controles se relajan. aNovela adulto aLiteratura adulto aLiteratura inglesa aVergara, Carmenetraductora